[Event "34th European Club Cup 2018"]
[Site "Halkidiki"]
[Date "2018.10.17"]
[Round "6"]
[White "Arnaudov, G. Petar"]
[Black "Gorodetzky, David"]
[Result "1-0"]
[WhiteElo "2452"]
[BlackElo "2452"]
[Annotator "ChessBase"]
[PlyCount "101"]
[EventDate "2018.10.12"]
[EventType "team-tourn"]
[EventCountry "GRE"]
[SourceTitle "playchess.com"]
[Source "ChessBase"]
[SourceQuality "1"]
[WhiteTeam "Asseco SEE"]
[BlackTeam "Rehovot"]

1. d4 Nf6 2. c4 e6 3. g3 d5 4. Bg2 Be7 5. Nf3 O-O 6. O-O dxc4 7. Qc2 a6 8. a4 c5 9. dxc5 Bxc5 10. Qxc4 b6 11. b4 Be7 12. Ne5 Ra7 13. Bb2 Bb7 14. Bxb7 Rxb7 15. b5 Rc7 16. Qf4 Rc2 17. Bd4 axb5 18. axb5 Bc5 19. Bxc5 Rxc5 20. Na3 Qc7 21. Nd3 Qxf4 22. gxf4 Rc7 23. Rfc1 Rfc8 24. Rxc7 Rxc7 25. Ne5 h6 26. Nac4 Nfd7 27. Ra8 Kh7 28. Nxb6 Nxe5 29. Rxb8 Ng6 30. e3 Rc1+ 31. Kg2 Nh4+ 32. Kh3 g5 33. Nd7 Nf3 34. Kg4 Nd2 35. fxg5 Rg1+ 36. Kf4 hxg5+ 37. Ke5 Kg7 38. Kd6 Rf1 39. Ke7 Rxf2 40. b6 Nc4 41. b7 Rb2 42. Rc8 Rxb7 43. Rxc4 Rb3 44. e4 f5 45. e5 f4 46. Kxe6 f3 47. Rc2 Re3 48. Kf5 Re2 49. Rc7 f2 50. Nf6+ Kf8 51. Kg6 1-0

[Event "34th European Club Cup 2018"]
[Site "Halkidiki"]
[Date "2018.10.17"]
[Round "6"]
[White "Kaczmarczyk, Dennis"]
[Black "Kosic, Dragan"]
[Result "0-1"]
[WhiteElo "2442"]
[BlackElo "2470"]
[Annotator "ChessBase"]
[PlyCount "82"]
[EventDate "2018.10.12"]
[EventType "team-tourn"]
[EventCountry "GRE"]
[SourceTitle "playchess.com"]
[Source "ChessBase"]
[SourceQuality "1"]
[WhiteTeam "Winterthur"]
[BlackTeam "Sloven Ruma"]

1. e4 e6 2. d4 d5 3. Nc3 dxe4 4. Nxe4 Nd7 5. Nf3 Ngf6 6. Bg5 h6 7. Nxf6+ Nxf6 8. Be3 Bd6 9. Bd3 b6 10. Ne5 Bb7 11. Bb5+ Kf8 12. Qe2 a6 13. Bd3 Bxg2 14. Rg1 Bd5 15. f4 b5 16. O-O-O c6 17. Kb1 Qa5 18. b3 Ba3 19. Bd2 Bb4 20. Bc1 Bc3 21. Rg3 b4 22. Nc4 Qc7 23. Qe3 Bxc4 24. Bxc4 Rd8 25. Qg1 g6 26. a4 a5 27. h4 Nh5 28. Rf3 Qd6 29. Be3 Qd7 30. Rff1 Nf6 31. Be2 h5 32. Bf3 Nd5 33. Bc1 Kg7 34. Qg2 Bxd4 35. Bxd5 Qxd5 36. Qe2 Qf5 37. Qa6 Bf6 38. Rxd8 Rxd8 39. Qxc6 Rd5 40. Qc4 Rc5 41. Qe2 Rc3 0-1

[Event "34th European Club Cup 2018"]
[Site "Halkidiki"]
[Date "2018.10.17"]
[Round "6"]
[White "Djurhuus, Rune"]
[Black "Fedoseev, Vladimir"]
[Result "1/2-1/2"]
[WhiteElo "2439"]
[BlackElo "2713"]
[Annotator "TA"]
[PlyCount "66"]
[EventDate "2018.10.12"]
[EventType "team-tourn"]
[EventCountry "GRE"]
[SourceTitle "playchess.com"]
[Source "ChessBase"]
[SourceQuality "1"]
[WhiteTeam "Nordstrand"]
[BlackTeam "St.Petersburg"]

1. e4 c5 2. Nf3 d6 3. d4 cxd4 4. Nxd4 Nf6 5. Nc3 a6 6. a4 e5 7. Nf3 Be7 8. Bg5 Be6 9. Bxf6 Bxf6 10. Nd5 Nd7 11. Bc4 Rc8 12. Qe2 Nb6 13. Nxf6+ Qxf6 14. Bxe6 Qxe6 15. a5 Nd7 16. O-O Qc4 17. Qe3 Nf6 18. Rfe1 Qb4 19. Qd3 O-O 20. Nd2 Qxb2 21. c4 Qd4 22. Qxd4 exd4 23. Reb1 Rc7 24. Rb3 Re8 25. f3 Nd7 26. Rd3 Ne5 27. Rxd4 Re6 28. Ra4 g5 29. Kf2 Kf8 30. Nf1 g4 31. Ne3 gxf3 32. gxf3 Rc5 33. Nf5 Nc6 1/2-1/2

[Event "34th European Club Cup 2018"]
[Site "Halkidiki"]
[Date "2018.10.17"]
[Round "6"]
[White "Van Haastert, Edwin"]
[Black "Matovic, Mihajlo Z"]
[Result "1-0"]
[WhiteElo "2437"]
[BlackElo "2234"]
[Annotator "NA"]
[PlyCount "101"]
[EventDate "2018.10.12"]
[EventType "team-tourn"]
[EventCountry "GRE"]
[SourceTitle "playchess.com"]
[Source "ChessBase"]
[SourceQuality "1"]
[WhiteTeam "Leiden"]
[BlackTeam "Partizan"]

1. e4 c5 2. Nf3 d6 3. d4 cxd4 4. Nxd4 Nf6 5. Nc3 a6 6. Be3 e5 7. Nb3 Be6 8. f3 h5 9. Nd5 Bxd5 10. exd5 Nbd7 11. Qd2 Rc8 12. c4 g6 13. Be2 Bg7 14. Na5 Qc7 15. Rc1 O-O 16. O-O b6 17. Nc6 Nb8 18. Nxb8 Qxb8 19. b4 Qb7 20. Rfd1 Nd7 21. a4 Rfe8 22. Rb1 e4 23. f4 Kh7 24. a5 bxa5 25. c5 Qc7 26. c6 Nf6 27. bxa5 Ng4 28. Bxg4 hxg4 29. Rb7 Qd8 30. Rxf7 Kg8 31. Rd7 Qf6 32. Bd4 Qxd4+ 33. Qxd4 Bxd4+ 34. Rxd4 e3 35. Kf1 e2+ 36. Ke1 Rb8 37. Rb7 Rxb7 38. cxb7 Rb8 39. Rb4 Kf7 40. Kxe2 Ke7 41. Kf2 Kf6 42. Kg3 Kf5 43. Rb6 g5 44. fxg5 Kxg5 45. Rb1 Kf5 46. Rb4 Ke5 47. Kxg4 Kxd5 48. Kf5 Kc5 49. Rb1 d5 50. Ke6 d4 51. Kd7 1-0

[Event "34th European Club Cup 2018"]
[Site "Halkidiki"]
[Date "2018.10.17"]
[Round "6"]
[White "Thorfinnsson, Bragi"]
[Black "Kazakovskiy, Valeriy"]
[Result "1/2-1/2"]
[WhiteElo "2433"]
[BlackElo "2405"]
[Annotator "NA"]
[PlyCount "67"]
[EventDate "2018.10.12"]
[EventType "team-tourn"]
[EventCountry "GRE"]
[SourceTitle "playchess.com"]
[Source "ChessBase"]
[SourceQuality "1"]
[WhiteTeam "Reykjavik"]
[BlackTeam "Overtime"]

1. d4 Nf6 2. Nc3 d5 3. Bf4 c5 4. e3 cxd4 5. exd4 a6 6. Bd3 Nc6 7. Nge2 Bg4 8. f3 Bh5 9. g4 Bg6 10. h4 Bxd3 11. Qxd3 e6 12. h5 h6 13. O-O-O Qa5 14. Kb1 b5 15. Nc1 Be7 16. Qe3 Qb6 17. Nb3 O-O-O 18. Ne2 Nd7 19. g5 e5 20. dxe5 Qxe3 21. Bxe3 hxg5 22. Rxd5 Ndxe5 23. Rxd8+ Rxd8 24. f4 Nc4 25. Bc1 gxf4 26. Nxf4 N6e5 27. c3 b4 28. Nd4 bxc3 29. bxc3 Bc5 30. Rg1 g6 31. hxg6 fxg6 32. Nxg6 Bxd4 33. cxd4 Nc6 34. Ne5 1/2-1/2

[Event "34th European Club Cup 2018"]
[Site "Halkidiki"]
[Date "2018.10.17"]
[Round "6"]
[White "Bagi, Mate"]
[Black "Durarbayli, Vasif"]
[Result "1/2-1/2"]
[WhiteElo "2432"]
[BlackElo "2629"]
[Annotator "TA"]
[PlyCount "111"]
[EventDate "2018.10.12"]
[EventType "team-tourn"]
[EventCountry "GRE"]
[SourceTitle "playchess.com"]
[Source "ChessBase"]
[SourceQuality "1"]
[WhiteTeam "Dunajska Streda"]
[BlackTeam "Odlar Yurdu"]

1. e4 c5 2. Nf3 d6 3. d4 cxd4 4. Qxd4 a6 5. h3 Nc6 6. Qe3 g6 7. Be2 Bg7 8. O-O Bd7 9. c4 Rc8 10. Rd1 Nh6 11. Bd2 O-O 12. Bc3 f6 13. b3 Nf7 14. Bf1 Qc7 15. Bb2 Bh6 16. Qe2 e5 17. Nc3 Ne7 18. Qd3 Be6 19. a4 Qa5 20. Ba3 Rfd8 21. b4 Qc7 22. Nd5 Nxd5 23. exd5 Bf5 24. Qb3 a5 25. bxa5 Qxa5 26. Bb4 Qc7 27. a5 Ra8 28. Ra3 Kh8 29. Rda1 Rdb8 30. Qb2 g5 31. Rb3 Rg8 32. Nh2 Bg7 33. Bc3 Bc8 34. g4 f5 35. Rb5 Ra7 36. Rb1 Nh6 37. f3 e4 38. gxf5 Bxf5 39. Bxg7+ Qxg7 40. fxe4 Bxe4 41. Qxg7+ Rxg7 42. Re1 Bg6 43. c5 dxc5 44. Rxc5 Ra8 45. Bg2 Nf5 46. Nf3 Bh5 47. Rec1 Nd6 48. Nd4 g4 49. h4 Rd7 50. Rf1 Bg6 51. Kh2 h5 52. Rf6 Kg7 53. Re6 Kh7 54. Rf6 Kg7 55. Re6 Kh7 56. Rf6 1/2-1/2

[Event "34th European Club Cup 2018"]
[Site "Halkidiki"]
[Date "2018.10.17"]
[Round "6"]
[White "Hansen, Torbjorn Ringdal"]
[Black "Gibicar, Danijel"]
[Result "1-0"]
[WhiteElo "2423"]
[BlackElo "2279"]
[Annotator "NA"]
[PlyCount "43"]
[EventDate "2018.10.12"]
[EventType "team-tourn"]
[EventCountry "GRE"]
[SourceTitle "playchess.com"]
[Source "ChessBase"]
[SourceQuality "1"]
[WhiteTeam "SK Oslo"]
[BlackTeam "Echternach"]

1. c4 c5 2. g3 g6 3. Bg2 Bg7 4. Nc3 Nf6 5. Nf3 O-O 6. O-O d5 7. cxd5 Nxd5 8. Nxd5 Qxd5 9. d4 cxd4 10. Be3 Bg4 11. Nxd4 Qd7 12. Rc1 e5 13. Nb3 Qxd1 14. Rfxd1 Nc6 15. Kf1 Be6 16. Nc5 Bxa2 17. b3 Nd4 18. Bxd4 exd4 19. Rd2 Bxb3 20. Nxb3 Rac8 21. Rxc8 Rxc8 22. Bxb7 1-0

[Event "34th European Club Cup 2018"]
[Site "Halkidiki"]
[Date "2018.10.17"]
[Round "6"]
[White "Mutschnik, Illya"]
[Black "Naumann, Alexander"]
[Result "1-0"]
[WhiteElo "2411"]
[BlackElo "2546"]
[Annotator "ChessBase"]
[PlyCount "55"]
[EventDate "2018.10.12"]
[EventType "team-tourn"]
[EventCountry "GRE"]
[SourceTitle "playchess.com"]
[Source "ChessBase"]
[SourceQuality "1"]
[WhiteTeam "Zurich"]
[BlackTeam "Solingen"]

1. e4 c5 2. Nf3 d6 3. d4 cxd4 4. Nxd4 Nf6 5. Nc3 a6 6. Be3 e6 7. Qd2 b5 8. f3 Nbd7 9. g4 h6 10. O-O-O b4 11. Nce2 Qc7 12. h4 d5 13. exd5 Nxd5 14. Nf4 Nxe3 15. Qxe3 Qe5 16. Qd2 Bc5 17. Nf5 O-O 18. Re1 Qc7 19. Nxg7 Qd6 20. Bd3 b3 21. a3 Ne5 22. Ngh5 Nxd3+ 23. Nxd3 Bd4 24. Qxh6 Qc6 25. Nb4 Qxf3 26. Rhf1 Qg2 27. Qg5+ Kh8 28. Rf6 1-0

[Event "34th European Club Cup 2018"]
[Site "Halkidiki"]
[Date "2018.10.17"]
[Round "6"]
[White "Meins, Gerlef"]
[Black "Nestor, Kaarel"]
[Result "1-0"]
[WhiteElo "2408"]
[BlackElo "2132"]
[Annotator "NA"]
[PlyCount "107"]
[EventDate "2018.10.12"]
[EventType "team-tourn"]
[EventCountry "GRE"]
[SourceTitle "playchess.com"]
[Source "ChessBase"]
[SourceQuality "1"]
[WhiteTeam "Bremen"]
[BlackTeam "Reval"]

1. Nf3 d5 2. g3 Nf6 3. Bg2 e6 4. O-O c5 5. c4 dxc4 6. Na3 Nc6 7. Nxc4 Be7 8. b3 O-O 9. Bb2 Qc7 10. Nfe5 Bd7 11. Nxd7 Nxd7 12. d3 Rac8 13. Qd2 Bf6 14. Rfc1 Rfd8 15. Rab1 b6 16. a3 Nd4 17. Bxd4 Bxd4 18. b4 Nf8 19. e3 Bf6 20. bxc5 Qd7 21. cxb6 axb6 22. d4 b5 23. Na5 Be7 24. Rb3 Bd6 25. Nc6 Re8 26. Qb2 e5 27. Rxb5 exd4 28. exd4 Ne6 29. a4 Nc7 30. Rb3 Qg4 31. Bf3 Qf5 32. Kg2 g5 33. Qb1 Qd7 34. h3 f5 35. Re1 h5 36. Kg1 h4 37. g4 Rxe1+ 38. Qxe1 Qf7 39. Re3 Nd5 40. Bxd5 Qxd5 41. Re8+ Rxe8 42. Qxe8+ Kg7 43. Ne7 Bxe7 44. Qxe7+ Kg6 45. Qe5 Qd8 46. Qxf5+ Kh6 47. d5 Qb8 48. a5 Qb4 49. Qe6+ Kg7 50. a6 Qb1+ 51. Kg2 Qa2 52. Qd7+ Kh6 53. a7 Qa5 54. Qc6+ 1-0

[Event "34th European Club Cup 2018"]
[Site "Halkidiki"]
[Date "2018.10.17"]
[Round "6"]
[White "Kjartansson, David"]
[Black "Thogersen, Rasmus"]
[Result "1-0"]
[WhiteElo "2404"]
[BlackElo "2277"]
[Annotator "NA"]
[PlyCount "61"]
[EventDate "2018.10.12"]
[EventType "team-tourn"]
[EventCountry "GRE"]
[SourceTitle "playchess.com"]
[Source "ChessBase"]
[SourceQuality "1"]
[WhiteTeam "Viking CC"]
[BlackTeam "Jetsmark"]

1. e4 c5 2. Nf3 d6 3. d4 cxd4 4. Nxd4 Nf6 5. Nc3 a6 6. Bc4 e6 7. a3 b5 8. Ba2 Bb7 9. O-O Be7 10. f4 Nbd7 11. Kh1 O-O 12. f5 e5 13. Nde2 Nxe4 14. Nxe4 Bxe4 15. Ng3 Bb7 16. c3 Nf6 17. Bg5 d5 18. Qe2 e4 19. Bxf6 Bxf6 20. Nh5 Be5 21. Qg4 Kh8 22. f6 g6 23. Qg5 Qc7 24. Rae1 Rad8 25. Re3 Bc8 26. g4 Rg8 27. Rh3 Qd7 28. Rh4 Qd6 29. Ng3 Bxg3 30. hxg3 Qf8 31. Kg2 1-0

[Event "34th European Club Cup 2018"]
[Site "Halkidiki"]
[Date "2018.10.17"]
[Round "6"]
[White "Dionisi, Thomas"]
[Black "Heinzel, Olaf"]
[Result "1-0"]
[WhiteElo "2398"]
[BlackElo "2331"]
[Annotator "NA"]
[PlyCount "79"]
[EventDate "2018.10.12"]
[EventType "team-tourn"]
[EventCountry "GRE"]
[SourceTitle "playchess.com"]
[Source "ChessBase"]
[SourceQuality "1"]
[WhiteTeam "Bois-Colombes"]
[BlackTeam "Bonnevoie"]

1. e4 d5 2. exd5 Qxd5 3. Nc3 Qd6 4. d4 Nf6 5. Nf3 Bg4 6. h3 Bxf3 7. Qxf3 c6 8. Be3 e6 9. O-O-O Nbd7 10. g4 Nb6 11. Kb1 Nbd5 12. Nxd5 Qxd5 13. Bg2 Bd6 14. Bc1 Qxf3 15. Bxf3 O-O-O 16. c4 Rhe8 17. Bg2 Ng8 18. Be3 Ne7 19. d5 exd5 20. cxd5 Bb8 21. dxc6 Rxd1+ 22. Rxd1 Nxc6 23. a3 a6 24. Rc1 Kd7 25. Rc4 Bd6 26. g5 Rc8 27. Rh4 Rh8 28. Rc4 Rc8 29. Bd5 Ke7 30. Rh4 h6 31. gxh6 gxh6 32. Rxh6 Rg8 33. Rh7 Nd8 34. Rh4 Be5 35. Bc5+ Bd6 36. Re4+ Kd7 37. Be3 Rh8 38. h4 Rh5 39. Rd4 Bc5 40. Bxf7+ 1-0

[Event "34th European Club Cup 2018"]
[Site "Halkidiki"]
[Date "2018.10.17"]
[Round "6"]
[White "Polzin, Rainer"]
[Black "Jakubiec, Edyta"]
[Result "1/2-1/2"]
[WhiteElo "2397"]
[BlackElo "2174"]
[Annotator "NA"]
[PlyCount "85"]
[EventDate "2018.10.12"]
[EventType "team-tourn"]
[EventCountry "GRE"]
[SourceTitle "playchess.com"]
[Source "ChessBase"]
[SourceQuality "1"]
[WhiteTeam "Berlin"]
[BlackTeam "Wirtzfeld"]

1. e4 c5 2. Nc3 a6 3. f4 b5 4. Nf3 Bb7 5. Qe2 e6 6. g4 Nc6 7. d3 Nd4 8. Nxd4 cxd4 9. Nd1 Rc8 10. Bg2 Qh4+ 11. Nf2 Bb4+ 12. Kf1 Qd8 13. a3 Ba5 14. h4 Qc7 15. b4 Bb6 16. Ra2 Ne7 17. h5 f5 18. exf5 Bxg2+ 19. Kxg2 Qc6+ 20. Kg3 exf5 21. Re1 Bd8 22. g5 Qd5 23. Rb2 O-O 24. Bd2 Qd6 25. Qe5 Qxe5 26. Rxe5 Kf7 27. Kf3 Bc7 28. Re1 Nd5 29. Nd1 Bd6 30. Re2 Rc6 31. Ra2 Re8 32. Rxe8 Kxe8 33. Nf2 Ke7 34. Nh1 Bc7 35. Ng3 g6 36. h6 Bb6 37. Ne2 Kd6 38. Nc1 Rc8 39. Nb3 Re8 40. Ra1 Nc3 41. Rf1 Nd5 42. Ra1 Kc6 43. Rf1 1/2-1/2

[Event "34th European Club Cup 2018"]
[Site "Halkidiki"]
[Date "2018.10.17"]
[Round "6"]
[White "Braun, Christian"]
[Black "Zelbel, Patrick"]
[Result "1/2-1/2"]
[WhiteElo "2396"]
[BlackElo "2429"]
[Annotator "TA"]
[PlyCount "51"]
[EventDate "2018.10.12"]
[EventType "team-tourn"]
[EventCountry "GRE"]
[SourceTitle "playchess.com"]
[Source "ChessBase"]
[SourceQuality "1"]
[WhiteTeam "Aachen"]
[BlackTeam "Eynatten"]

1. e4 c5 2. Nf3 d6 3. d4 cxd4 4. Nxd4 Nf6 5. Nc3 a6 6. Be3 e5 7. Nb3 Be6 8. f3 Be7 9. Qd2 O-O 10. O-O-O Nbd7 11. g4 b5 12. g5 b4 13. Ne2 Ne8 14. f4 a5 15. f5 a4 16. fxe6 axb3 17. exf7+ Rxf7 18. cxb3 Rxa2 19. Ng3 Rxf1 20. Rhxf1 Ra1+ 21. Kc2 Qc8+ 22. Kd3 Qa6+ 23. Kc2 Qc6+ 24. Kd3 Qa6+ 25. Kc2 Qc6+ 26. Kd3 1/2-1/2

[Event "34th European Club Cup 2018"]
[Site "Halkidiki"]
[Date "2018.10.17"]
[Round "6"]
[White "Aabling-Thomsen, Jakob"]
[Black "Vogel, Constantin"]
[Result "1-0"]
[WhiteElo "2388"]
[BlackElo "2060"]
[Annotator "NA"]
[PlyCount "129"]
[EventDate "2018.10.12"]
[EventType "team-tourn"]
[EventCountry "GRE"]
[SourceTitle "playchess.com"]
[Source "ChessBase"]
[SourceQuality "1"]
[WhiteTeam "Bronshoj"]
[BlackTeam "St Benildus"]

1. c4 e5 2. Nf3 e4 3. Nd4 Nf6 4. Nc3 Nc6 5. Nxc6 bxc6 6. Qc2 d5 7. cxd5 cxd5 8. Nb5 c5 9. e3 a6 10. Nc3 Bd6 11. d3 exd3 12. Bxd3 O-O 13. h3 Bb7 14. O-O Qe7 15. Bd2 Rac8 16. Rfe1 Rfe8 17. Qa4 Ne4 18. Nxe4 dxe4 19. Bf1 Qe5 20. g3 Rcd8 21. Ba5 Rb8 22. Rad1 Bd5 23. Bc3 Qe6 24. Rd2 Bf8 25. b3 Ra8 26. Red1 Bc6 27. Qa5 h5 28. Bc4 Qg6 29. Qc7 Rac8 30. Qf4 Bb5 31. Rd5 Bxc4 32. bxc4 Be7 33. h4 Qg4 34. Qxg4 hxg4 35. Re5 Bf8 36. Rg5 Rcd8 37. Rc1 Kh7 38. Rxg4 f6 39. Rf4 Kg6 40. g4 Bd6 41. Rf5 Kf7 42. Rb1 Rb8 43. Rd1 Ke6 44. Rfd5 Rb6 45. Ba5 Rc6 46. Rb1 g6 47. Rb7 Rh8 48. h5 gxh5 49. gxh5 Be5 50. Bd8 Rxh5 51. Re7+ Kf5 52. Bc7 Kg4 53. Bxe5 fxe5 54. Rexe5 Rxe5 55. Rxe5 Kf3 56. Kf1 Rb6 57. Rf5+ Kg4 58. Rf4+ Kg5 59. Rxe4 Kf5 60. Re8 Rb1+ 61. Kg2 Rb4 62. f4 Rxc4 63. Kf3 Rc1 64. e4+ Kg6 65. Re6+ 1-0

[Event "34th European Club Cup 2018"]
[Site "Halkidiki"]
[Date "2018.10.17"]
[Round "6"]
[White "Veinberg, Nimrod"]
[Black "Danchevski, Orce"]
[Result "1-0"]
[WhiteElo "2386"]
[BlackElo "2358"]
[Annotator "NA"]
[PlyCount "95"]
[EventDate "2018.10.12"]
[EventType "team-tourn"]
[EventCountry "GRE"]
[SourceTitle "playchess.com"]
[Source "ChessBase"]
[SourceQuality "1"]
[WhiteTeam "Rehovot"]
[BlackTeam "Asseco SEE"]

1. d4 Nf6 2. c4 e6 3. g3 Bb4+ 4. Bd2 Be7 5. Bg2 d5 6. Nf3 Nbd7 7. O-O c6 8. Qc2 b6 9. Rd1 O-O 10. b3 Ba6 11. a4 Rc8 12. a5 b5 13. c5 Ne4 14. b4 Nxd2 15. Nbxd2 f5 16. Ne5 Nf6 17. Qb2 Rc7 18. Nb3 Kh8 19. Qd2 Qe8 20. Qe3 Bd8 21. Nd2 Bc8 22. a6 Nd7 23. Nxd7 Rxd7 24. f4 Rg8 25. Nf3 Bf6 26. Ne5 Rc7 27. h4 g6 28. g4 h5 29. gxh5 gxh5 30. Nf3 Rg3 31. Qf2 Rcg7 32. Ng5 Rb3 33. Qe1 Bxg5 34. hxg5 h4 35. Bf3 Rh7 36. e3 h3 37. Ra2 h2+ 38. Rxh2 Rxh2 39. Kxh2 Kg7 40. Qd2 Ra3 41. Kg3 Qg6 42. Rh1 Kg8 43. Rh6 Qg7 44. Bh5 Qc7 45. Rg6+ Kf8 46. Rf6+ Kg8 47. Kf3 Qh7 48. Rh6 1-0

[Event "34th European Club Cup 2018"]
[Site "Halkidiki"]
[Date "2018.10.17"]
[Round "6"]
[White "Borge, Nikolaj"]
[Black "Bates, Richard A"]
[Result "0-1"]
[WhiteElo "2385"]
[BlackElo "2374"]
[Annotator "NA"]
[PlyCount "96"]
[EventDate "2018.10.12"]
[EventType "team-tourn"]
[EventCountry "GRE"]
[SourceTitle "playchess.com"]
[Source "ChessBase"]
[SourceQuality "1"]
[WhiteTeam "Hillerod"]
[BlackTeam "Blackthorne"]

1. e4 c5 2. Nf3 d6 3. d4 cxd4 4. Nxd4 Nf6 5. Nc3 a6 6. h3 e5 7. Nde2 h5 8. g3 Be6 9. Bg2 Nbd7 10. Be3 Rc8 11. O-O b5 12. a3 Nb6 13. b3 Be7 14. Qd2 O-O 15. Rfd1 Qc7 16. f4 Rfd8 17. Kh1 d5 18. Bxb6 Qxb6 19. Nxd5 Nxd5 20. exd5 e4 21. Bxe4 Bxh3 22. b4 h4 23. Ng1 Bg4 24. Bf3 Bf5 25. g4 Bxc2 26. Rf1 Bd6 27. Rac1 Bb3 28. Rc6 Qb8 29. Nh3 Re8 30. Re1 Rxe1+ 31. Qxe1 Re8 32. Qxh4 Bxf4 33. d6 Bxd6 34. Ng5 Be5 35. Rxa6 Qc7 36. Rc6 Qd7 37. Qh7+ Kf8 38. Rc5 Qd4 39. Rc1 Qd2 40. Rb1 Qxg5 41. Rxb3 Qc1+ 42. Kg2 Qd2+ 43. Kh1 Rc8 44. Rb1 Rc1+ 45. Rxc1 Qxc1+ 46. Kg2 Qd2+ 47. Kf1 Bg3 48. Qh8+ Ke7 0-1

[Event "34th European Club Cup 2018"]
[Site "Halkidiki"]
[Date "2018.10.17"]
[Round "6"]
[White "Ootes, Lars"]
[Black "Buscher, Michael"]
[Result "1/2-1/2"]
[WhiteElo "2372"]
[BlackElo "2393"]
[Annotator "ChessBase"]
[PlyCount "169"]
[EventDate "2018.10.12"]
[EventType "team-tourn"]
[EventCountry "GRE"]
[SourceTitle "playchess.com"]
[Source "ChessBase"]
[SourceQuality "1"]
[WhiteTeam "BSG"]
[BlackTeam "Echiquier Amaytois"]

1. e4 c5 2. Nf3 Nc6 3. d4 cxd4 4. Nxd4 Nf6 5. Nc3 d6 6. Bg5 e6 7. Qd2 a6 8. O-O-O Bd7 9. f4 Be7 10. Nf3 b5 11. e5 b4 12. exf6 bxc3 13. Qxc3 gxf6 14. Bh4 d5 15. Kb1 Nb4 16. Nd4 Rc8 17. Qd2 Qb6 18. Be2 Rg8 19. Bf3 Qa5 20. a3 Nc6 21. Nxc6 Qxd2 22. Rxd2 Bxc6 23. Re1 f5 24. Bf2 Bf6 25. Bc5 Bb7 26. Bd6 Kd7 27. Be5 Bxe5 28. fxe5 Rc4 29. Re3 Rgc8 30. Red3 Ke7 31. b3 R4c7 32. Rd4 f6 33. exf6+ Kxf6 34. Rb4 Ba8 35. Be2 a5 36. Ra4 Rc5 37. Rh4 R8c7 38. Rh6+ Ke5 39. Bd3 d4 40. Re2+ Be4 41. Rh4 Kd6 42. Bxe4 fxe4 43. Rhxe4 e5 44. g4 Rf7 45. h4 Rf3 46. Kb2 Rd5 47. Rd2 Rg3 48. g5 Ke6 49. Rf2 Rd6 50. Ree2 Rg4 51. Rf8 e4 52. Re8+ Kd5 53. c4+ dxc3+ 54. Kxc3 Rc6+ 55. Kb2 Rxh4 56. Rd2+ Kc5 57. Rc2+ Kb6 58. Rb8+ Ka7 59. Rxc6 Kxb8 60. a4 e3 61. Re6 Rg4 62. Rxe3 Rxg5 63. Re8+ Kc7 64. Re7+ Kb6 65. Rxh7 Rg2+ 66. Ka3 Rf2 67. Rh6+ Kb7 68. Rh1 Kb6 69. Rb1 Rh2 70. Rb2 Rh3 71. Rd2 Rc3 72. Kb2 Rc8 73. Rd5 Rc7 74. Rd6+ Kb7 75. Rd4 Kb6 76. Rc4 Rh7 77. Rc8 Rh2+ 78. Rc2 Rh3 79. Rd2 Rh6 80. Rd3 Rc6 81. Rd4 Rc7 82. Rd6+ Kb7 83. Re6 Rc8 84. Re4 Kb6 85. Rc4 1/2-1/2

[Event "34th European Club Cup 2018"]
[Site "Halkidiki"]
[Date "2018.10.17"]
[Round "6"]
[White "Nikolovski, Nikola"]
[Black "Parkhov, Yair"]
[Result "1/2-1/2"]
[WhiteElo "2369"]
[BlackElo "2331"]
[Annotator "ChessBase"]
[PlyCount "134"]
[EventDate "2018.10.12"]
[EventType "team-tourn"]
[EventCountry "GRE"]
[SourceTitle "playchess.com"]
[Source "ChessBase"]
[SourceQuality "1"]
[WhiteTeam "Asseco SEE"]
[BlackTeam "Rehovot"]

1. e4 e6 2. d4 d5 3. Nc3 Bb4 4. e5 c5 5. a3 Bxc3+ 6. bxc3 Qa5 7. Bd2 Qa4 8. Qg4 Kf8 9. Nf3 Nc6 10. Ra2 b6 11. Bd3 Ba6 12. O-O Bxd3 13. cxd3 Nge7 14. Rc1 Nf5 15. Qf4 h6 16. dxc5 Qxf4 17. Bxf4 bxc5 18. Rb2 g5 19. g4 Nh4 20. Nxh4 gxf4 21. Nf3 Rg8 22. h3 h5 23. Rb5 hxg4 24. hxg4 Rxg4+ 25. Kf1 Ne7 26. Rcb1 Rc8 27. Rb7 Nc6 28. R1b5 Rg8 29. Rxc5 Kg7 30. Ng5 Nxe5 31. Nxe6+ Kh6 32. Rxc8 Rxc8 33. Nxf4 Rxc3 34. Rxa7 Nxd3 35. Nxd5 Rc5 36. Ne3 Nf4 37. Ke1 Kg6 38. Ra4 Kg5 39. Kd2 Rc8 40. Ra5+ Kg6 41. Rb5 Rd8+ 42. Kc2 Nd3 43. Rd5 Rxd5 44. Nxd5 Nxf2 45. a4 Ne4 46. a5 Nc5 47. Kc3 Na6 48. Kc4 f5 49. Kb5 Nb8 50. Kb6 Kg5 51. Nc3 f4 52. Kb7 Nd7 53. Ne4+ Kf5 54. a6 Kxe4 55. a7 f3 56. a8=Q f2 57. Qe8+ Ne5 58. Qa4+ Ke3 59. Qd1 Nf3 60. Qf1 Nd2 61. Qh3+ Ke2 62. Qg2 Ke1 63. Qg3 Ke2 64. Qe5+ Kd1 65. Qh5+ Ke1 66. Qh4 Ke2 67. Qxf2+ Kxf2 1/2-1/2

[Event "34th European Club Cup 2018"]
[Site "Halkidiki"]
[Date "2018.10.17"]
[Round "6"]
[White "Lopez, Jasel"]
[Black "Sokolov, Ivan"]
[Result "0-1"]
[WhiteElo "2366"]
[BlackElo "2573"]
[Annotator "RC"]
[PlyCount "112"]
[EventDate "2018.10.12"]
[EventType "team-tourn"]
[EventCountry "GRE"]
[SourceTitle "playchess.com"]
[Source "ChessBase"]
[SourceQuality "1"]
[WhiteTeam "Deloitte"]
[BlackTeam "KGSRL"]

1. d4 Nf6 2. c4 e6 3. Nf3 d5 4. Nc3 Nbd7 5. Bg5 h6 6. Bh4 Be7 7. e3 O-O 8. Bd3 dxc4 9. Bxc4 a6 10. O-O b5 11. Be2 Bb7 12. Rc1 Rc8 13. a4 b4 14. Nb1 c5 15. Nbd2 cxd4 16. Nxd4 Nc5 17. Nc4 Nd5 18. Bg3 Ne4 19. Bf3 Nxg3 20. hxg3 Rc7 21. Qe2 Bf6 22. Rfd1 Qb8 23. e4 Rfc8 24. Nb3 Bg5 25. Ncd2 Rxc1 26. Rxc1 Rxc1+ 27. Nxc1 Nb6 28. a5 Na4 29. Nd3 Bc6 30. Nc4 Bb5 31. Qc2 Qc7 32. b3 Be7 33. Ndb2 Nxb2 34. Qxb2 Bc5 35. Qe5 Qxe5 36. Nxe5 Bd4 37. Ng4 Bd3 38. Ne3 Bxe3 39. fxe3 Kf8 40. Kf2 Ke7 41. Be2 Bxe2 42. Kxe2 Kd6 43. Kd3 Kc5 44. e5 Kd5 45. g4 g6 46. e4+ Kxe5 47. Kc4 Kxe4 48. Kc5 e5 49. Kb6 Kd5 50. Kxa6 Kc6 51. g5 h5 52. Ka7 e4 53. a6 Kc7 54. Ka8 e3 55. a7 e2 56. g4 e1=Q 0-1

[Event "34th European Club Cup 2018"]
[Site "Halkidiki"]
[Date "2018.10.17"]
[Round "6"]
[White "Boidman, Yuri"]
[Black "Abel, Dennes"]
[Result "0-1"]
[WhiteElo "2358"]
[BlackElo "2476"]
[Annotator "ChessBase"]
[PlyCount "96"]
[EventDate "2018.10.12"]
[EventType "team-tourn"]
[EventCountry "GRE"]
[SourceTitle "playchess.com"]
[Source "ChessBase"]
[SourceQuality "1"]
[WhiteTeam "Wirtzfeld"]
[BlackTeam "Berlin"]

1. d4 Nf6 2. Nf3 d5 3. c4 e6 4. e3 Be7 5. Nbd2 O-O 6. Bd3 b6 7. cxd5 Nxd5 8. O-O Bb7 9. b3 c5 10. Bb2 Nc6 11. Rc1 cxd4 12. Nxd4 Nxd4 13. Bxd4 g6 14. Be2 Ba3 15. Ra1 Rc8 16. Nc4 Bb4 17. Bf3 Qe7 18. Rc1 Rfd8 19. Bxd5 Bxd5 20. Qe2 f6 21. f4 b5 22. Nd2 e5 23. fxe5 fxe5 24. Bb2 Rxc1 25. Bxc1 Bc6 26. Nf3 Bc3 27. e4 Qd7 28. Ng5 Qd3 29. Qxd3 Rxd3 30. Nf7 Be8 31. Nh6+ Kg7 32. Ng4 h5 33. Nf6 Bc6 34. Bg5 Bd4+ 35. Kh1 a5 36. h4 b4 37. Nd5 Bxd5 38. exd5 e4 39. Re1 Be5 40. g3 Bxg3 41. Rxe4 Bd6 42. Re8 Rxd5 43. Rd8 Kf7 44. Kg2 Ke6 45. Kf3 Rf5+ 46. Ke2 Be7 47. Re8 Re5+ 48. Kf3 Kf7 0-1